Multiple Choice City Quiz – Alexandria - Statistics

General Stats
  • This quiz has been taken 174 times
    167 since last reset
  • The average score is 6 of 10
Answer Stats
Question Answer % Correct
Alexandria famously housed which wonder of the world? Lighthouse
93%
According to legend, how did Cleopatra die? Let an asp bite her
92%
What famous building was accidentally burned by Julius Ceasar? The Great Library of Alexandria
92%
Which of these pictures depicts Alexandria?
69%
Who founded Alexandria and named it after Alexander the Great? Alexander the Great
69%
What is Alexandria's only ancient monument still standing in it's original location? Pompey's Pillar
51%
Which of the following facts about Alexandria is true? It's the most populous city on the Mediterranean
47%
Alexandria operates Africa's oldest what? Tram Network
31%
Which of these Alexandrian stadiums is Africa's oldest? Alexandria Stadium
29%
Which famous poet was from Alexandria? Constantine P. Cavafy
22%
No matching quizzes found
Score Distribution
Percent of People with Each Score
Percentile by Number Answered
Your Score History
You have not taken this quiz since the last reset